Радио и телевидение вчера, сегодня, завтра

Detalles Bibliográficos
Autor Principal: Резников М. Р. Михаил Романович
Idioma:ruso
Publicado: Москва, Связь, 1977
Subjects:
Formato: MixedMaterials Libro
KOHA link:https://koha.lib.tpu.ru/cgi-bin/koha/opac-detail.pl?biblionumber=682351

MARC

LEADER 00000nam0a2200000 4500
001 682351
005 20251015143511.0
090 |a 682351 
100 |a 20251015d1977 m||y0rusy50 ca 
101 0 |a rus 
102 |a RU 
105 |a a z 001yy 
181 0 |a i   |b  e  
182 0 |a n 
183 0 |a nc  |2 RDAcarrier 
200 1 |a Радио и телевидение вчера, сегодня, завтра  |f М. Р. Резников 
203 |a Текст  |b визуальный  |c непосредственный 
210 |a Москва  |c Связь  |d 1977 
215 |a 96 с.   |c ил. 
283 |a volume  |2 RDAcarrier 
320 |a Список литературы: с. 93 
606 |a Радио  |x История  |9 81570 
606 |a Телевидение  |9 86077 
610 1 |a радиотехника 
610 1 |a радиоэлектроника 
610 1 |a линии связи 
675 |a 621.396  |v 4 
675 |a 621.397.13  |v 4 
700 1 |a Резников  |b М. Р.  |g Михаил Романович 
801 0 |a RU  |b 63413507  |c 20251015 
830 |a Ретро2025Каталогизация Мотырева 
850 |a 63413507 
942 |c BK